000
00292nam a2200121Ia 4500
005
20251222154402.0
008
251222s9999||||xx |||||||||||||| ||spa||
020
_a
84-320-9108-1
082
_a
891.63/B18
100
_a
"Ballantyne, Robert Michael"
245
0
_a
La isla de coral
942
_c
LIB
999
_c
35340
_d
35340